| 000 | 00523nam a2200181Ia 4500 | ||
|---|---|---|---|
| 003 | Ost | ||
| 005 | 20260225132600.0 | ||
| 008 | 260225s9999||||xx |||||||||||||| ||und|| | ||
| 020 | _a280414318x | ||
| 040 | _cfsic | ||
| 041 | _afre | ||
| 082 | _a70.4 | ||
| 100 |
_amarie france pavillet _eAuteur |
||
| 245 | 0 | _ale droit d'informer : | |
| 245 | 0 |
_ble role de medias dans le dévlepement économique / _cmarie france pavillet |
|
| 246 | _athe right to tell:the role of mass media in economoc devlopment | ||
| 942 | _cكتاب | ||
| 999 |
_c34731 _d34731 |
||